<?xml version="1.0" encoding="UTF-8"?><?xml-stylesheet type="text/xsl" href="static/style.xsl"?><OAI-PMH xmlns="http://www.openarchives.org/OAI/2.0/" xmlns:xsi="http://www.w3.org/2001/XMLSchema-instance" xsi:schemaLocation="http://www.openarchives.org/OAI/2.0/ http://www.openarchives.org/OAI/2.0/OAI-PMH.xsd"><responseDate>2026-06-05T13:46:52Z</responseDate><request verb="GetRecord" identifier="oai:riuma.uma.es:10630/22692" metadataPrefix="marc">https://riuma.uma.es/rest/oai/request</request><GetRecord><record><header><identifier>oai:riuma.uma.es:10630/22692</identifier><datestamp>2026-02-03T12:32:54Z</datestamp><setSpec>com_10630_2254</setSpec><setSpec>col_10630_37959</setSpec></header><metadata><record xmlns="http://www.loc.gov/MARC21/slim" xmlns:dcterms="http://purl.org/dc/terms/" xmlns:doc="http://www.lyncode.com/xoai" xmlns:xsi="http://www.w3.org/2001/XMLSchema-instance" xsi:schemaLocation="http://www.loc.gov/MARC21/slim http://www.loc.gov/standards/marcxml/schema/MARC21slim.xsd">
   <leader>00925njm 22002777a 4500</leader>
   <datafield ind2=" " ind1=" " tag="042">
      <subfield code="a">dc</subfield>
   </datafield>
   <datafield ind2=" " ind1=" " tag="720">
      <subfield code="a">Romo-Parra, María del Carmen</subfield>
      <subfield code="e">author</subfield>
   </datafield>
   <datafield ind2=" " ind1=" " tag="720">
      <subfield code="a">Escobar-Fuentes, Silvia</subfield>
      <subfield code="e">author</subfield>
   </datafield>
   <datafield ind2=" " ind1=" " tag="720">
      <subfield code="a">Rondón-García, Luis Miguel</subfield>
      <subfield code="e">author</subfield>
   </datafield>
   <datafield ind2=" " ind1=" " tag="720">
      <subfield code="a">Salgado Cacho, Jose Manuel</subfield>
      <subfield code="e">author</subfield>
   </datafield>
   <datafield ind2=" " ind1=" " tag="260">
      <subfield code="c">2021</subfield>
   </datafield>
   <datafield ind2=" " ind1=" " tag="520">
      <subfield code="a">El tratamiento de la violencia de género como problema público constituye el revulsivo definitivo para iniciar su erradicación. Los y las profesionales de la intervención social tienen en ello un papel fundamental como mediadores/as entre las instituciones y la población. El objetivo principal de este estudio consiste en describir la situación de dichos/as profesionales en la lucha contra la violencia de género en España a partir de las percepciones de una muestra de alumnado de la Universidad de Málaga. Para dar respuesta a dicho objetivo, se implementa una metodología cualitativa mediante la aplicación de una matriz DAFO. Los resultados obtenidos subrayan especialmente las amenazas a las que deben enfrentarse los y las interventores sociales, resaltando aquí la inversión deficiente y la falta de respuesta social. Asimismo, se remarca la falta de habilidades sociales como debilidad del colectivo analizado. Desde un punto de vista positivo, se destaca la experiencia y la competencia profesional, fortalecidas por los avances legislativos y la diversidad de recursos existentes en España para abordar la violencia de género. Las aportaciones de esta investigación sirven para diseñar planes de estudio y políticas públicas que promuevan una intervención social más efectiva en violencia de género.</subfield>
   </datafield>
   <datafield ind1="8" ind2=" " tag="024">
      <subfield code="a">https://hdl.handle.net/10630/22692</subfield>
   </datafield>
   <datafield tag="653" ind2=" " ind1=" ">
      <subfield code="a">Mujeres - Malos tratos</subfield>
   </datafield>
   <datafield ind2="0" ind1="0" tag="245">
      <subfield code="a">Dentro del espejo. Análisis de la visión del alumnado universitario sobre la intervención profesional en violencia de género en España.</subfield>
   </datafield>
</record>
</metadata></record></GetRecord></OAI-PMH>